Statistics for Fortnite Items Quiz

Click here to take the quiz!

General Stats

  • This quiz has been taken 969 times
  • The average score is 9 of 15

Answer Stats

HintAnswer% Correct
"Best" Assault Rifle in GameScar
86%
Heals Full HealthMedkit
83%
Max Health and ShieldChug Jug
82%
Building Material 1Wood
82%
Building Material 3Metal
78%
Heals 15 HealthBandage
74%
Slowly Regenerate 25 Shield and HealthSlurp Juice
74%
Max Material in One Slot999
59%
Building Material 2Stone
59%
Default WeaponPickaxe
52%
Contains ItemsChest
49%
Heals 50 ShieldShield Potion
39%
Fastest Gun in the GameMiniGun
32%
Heals 25 ShieldSmall Shield Potion
27%
Supply ______Llama
12%

Score Distribution

Percentile by Number Answered

Percent of People with Each Score

Your Score History

You have not taken this quiz